=LDR 00000nam 2200000 4500 =001 INLIS000000000050821 =005 20170802090456 =035 ##$$a 0010-0817000004 =007 ta =008 170802###########################0###### =020 ##$$a 978-620-007-4 =082 ##$$a 372.210 5 =084 ##$$a 372.210 5 CIN b =100 #$$a Cintia Antika Putri =245 1#$$a Bongkar Pasang Diorama Negri Dongeng : $b Untuk Umur 5-7 Tahun /$c Cintia Antika Putri =260 ##$$a Yogyakarta :$b Cabe rawet,$c 2014 =300 ##$$a 16 hlm : $b ilus. ; $c 28 cm =650 ##$$a Seni Kreatif (Taman Kanak-Kanak) =990 ##$$a 88978897 =990 ##$$a 88988898 =990 ##$$a 88988898